30 in 60: TV Characters Quiz Stats

 Plays Quiz Updated May 3, 2015

Challenge
Share
Tweet
Embed
Score 0/30 Timer 01:00
9 Plays Today
% Correct
Star Trek
73.9%
The Muppet Show
73%
The Flintstones
68.6%
Happy Days
67.2%
24
66%
The Addams Family
66%
The Simpsons
64%
Family Guy
63.8%
South Park
63.7%
Breaking Bad
63.5%
Seinfeld
62.8%
The X-Files
62.1%
Frasier
60.5%
I Love Lucy
59.5%
How I Met Your Mother
59%
% Correct
Dallas
57.7%
Mad Men
57.7%
M*A*S*H
56.4%
All in the Family
52.9%
Bewitched
47.7%
The Andy Griffith Show
46.8%
Family Ties
46.7%
Get Smart
46.5%
Cheers
46.4%
The Odd Couple
45.5%
NYPD Blue
42%
Leave It to Beaver
40.7%
The Honeymooners
40.1%
Miami Vice
40%
Dragnet
39.6%

You're not logged in!

Compare scores with friends on all Sporcle quizzes.
OR
Log In

You Might Also Like...

Show Comments

Extras

Top Quizzes Today


Score Distribution

Your Account Isn't Verified!

In order to create a playlist on Sporcle, you need to verify the email address you used during registration. Go to your Sporcle Settings to finish the process.

Report this User

Report this user for behavior that violates our Community Guidelines.

Details: